000 01092nmm a2200301 a 4500
001 0000013498
003 CO-CtgCURN
005 20250516153926.0
007 co cga---uuuuu
007 ta
008 160627s2002 i eng d
020 _a9586903206
040 _aCO-CtgCURN
_bspa
_ccoctgcurn
082 0 _a347.7
_bL473c
100 1 _aLeal Pérez, Hildebrando.
245 1 0 _aCódigo de comercio comentado
_h[electronic resource] /
_cHildebrando Leal Pérez.
250 _a8a ed.
260 _aBogotá :
_bLeyer,
_c2002.
300 _alv, 1290 p. + 1 Cd - Rom.
336 _2rdacontent
337 _2rdamedia
_asin mediacion
_bn
338 _2rdacarrier
_avolumen
_bnc
505 8 _aDe los comerciantes y de los asuntos de comercio.--De las sociedades comerciales.--De los bienes mercantiles.--De los contratos y obligaciones mercantiles.--De la navegacion.--Procedimientos
650 1 4 _aDerecho comercial
_vLegislacion
_zColombia.
908 _a160627
942 _cBK
_h347.7
_iL473c
_2ddc
_n0
999 _c20526
_d20526